| 000 | 00899nam a22002297a 4500 | ||
|---|---|---|---|
| 999 |
_c4114 _d4114 |
||
| 003 | AR-CdUCM | ||
| 008 | 190308b ||||| |||| 00| 0 spa d | ||
| 020 | _a968-16-1576-X | ||
| 040 |
_aMUNICIPALIDAD PROVINCIAL DEL CUSCO _cBIBLIOTECA MUNICIPAL DEL CUSCO |
||
| 082 |
_a396 / _bM53 |
||
| 100 |
_aMichel, Andree _913041 |
||
| 245 | _aEl feminismo / | ||
| 260 |
_aMexico : _bOlimpia, _c1983. |
||
| 300 |
_a152 paginas ; _c20 cm. |
||
| 440 |
_aFondo de cultura económica. _913042 |
||
| 505 | _aContenido : La condición de las mujeres desde el paleolítico hasta la segunda revolución neolítica -- La condición de las mujeres en el neolítico medio -- La condición de las mujeres en las tribus de pastores nómadas ... | ||
| 650 |
_aLas mujeres en el siglo XIX _913043 |
||
| 650 |
_aEl renacimiento _913044 |
||
| 650 |
_aMovimientos feministas _913045 |
||
| 942 |
_2ddc _cLIBROS |
||
| 945 | _arah | ||